| 000 | 01185 a2200241 4500 | ||
|---|---|---|---|
| 003 | Nust | ||
| 005 | 20221006155239.0 | ||
| 010 | _a 84023783 | ||
| 020 | _a0881750166 | ||
| 040 | _cNust | ||
| 082 | 0 | 0 | _a623.73,RIC |
| 100 | 1 |
_aRicci, Fred J., _999352 |
|
| 245 | 1 | 0 |
_aU.S. military communications : _ba C3I force multiplier / _cFred J. Ricci, Daniel Schutzer. |
| 260 |
_aRockville, MD : _bComputer Science Press, _cc1986. |
||
| 300 |
_axvii, 263 p. : _bill. ; _c24 cm. |
||
| 440 | 0 |
_aElectrical engineering communications and signal processing _999353 |
|
| 505 | _aIntroduction (Page-1), Requirements For Military Comm. (Page-5), US/NATO Systems (Page-39), Army, Navy, Air Force Comm. Sys (Page-56), Satellite Comm./Control (Page-92), Unified Comm. Information Framework (Page-151), C3I Military Expd. And The Defense Industrial Base (Page-176), Future Technologies Opportunities (Page-194). | ||
| 610 | 2 | 0 |
_aNorth Atlantic Treaty Organization _xArmed Forces _xCommunication systems. _999354 |
| 650 | 0 |
_aMilitary telecommunication. _999355 |
|
| 651 | 0 |
_aUnited States _xArmed Forces _xCommunication systems. _999356 |
|
| 700 | 1 |
_aSchutzer, Daniel, _d1940- _999357 |
|
| 942 |
_cREF _2ddc |
||
| 999 |
_c175895 _d175895 |
||